Philosophia entis sensibilis
Guardado en:
| Autor principal: | |
|---|---|
| Formato: | Libro |
| Lenguaje: | latín |
| Publicado: |
Barcelona
Herder
1959
|
| Materias: | |
| Etiquetas: |
Agregar Etiqueta
Sin Etiquetas, Sea el primero en etiquetar este registro!
|
MARC
| LEADER | 00000nam a2200000 a 4500 | ||
|---|---|---|---|
| 001 | UCZ4597 | ||
| 003 | CL-VaPUC | ||
| 008 | 951110e19590000SP |||||||||||||||||lat|d | ||
| 082 | 0 | 4 | |a 111 |b ECH |2 21 |
| 100 | 0 | |a Echarri, Jaime |e author |9 348599 | |
| 245 | 1 | 0 | |a Philosophia entis sensibilis |
| 300 | |a 483 p | ||
| 942 | |c BK | ||
| 945 | |d 19951110 00:00:00 |a cmena | ||
| 260 | |a Barcelona |b Herder |c 1959 | ||
| 650 | 0 | |a Ontología |9 256850 | |
| 650 | 7 | |a SER |2 CL-VaPUC |9 320176 | |
| 650 | 0 | |a Platonismo |9 265673 | |
| 650 | 0 | |a Razón |9 314475 | |
| 650 | 0 | |a Lógica |9 256849 | |
| 650 | 7 | |a HOMBRE |2 CL-VaPUC |9 262149 | |
| 583 | |a last modification |c 19951110 00:00:00 |k Rodrigo Vera | ||
| 999 | |c 240967 |d 240965 | ||
| 952 | |0 0 |1 0 |4 0 |6 111_000000000000000_ECH_1959 |7 0 |8 P |9 253103 |a BIBEDU |b BIBEDU |c BIBEDU_PB |d 2019-11-19 |i 1596314 |o 111 ECH 1959 |p 1596314 |r 2024-01-25 |w 2019-11-19 |y BK |k FIL | ||